000 00554nam a2200229Ia 4500
003 OSt
005 20220923230003.0
006 a|||||r|||| 00| 0
007 ta
008 Pun
024 _a276,534
037 _cTextual
040 _aARTS
_cARTS
_bPun
041 _2Pun
_aPun
082 _aQ7:33, 153N9
100 _aਸਿੰਘ, ਗੁਨਿੰਦਰ
245 0 _aਪੈਗੰਬਰ
260 _c1999
650 _aਧਰਮ
942 _hQ7:33, 153N9
_cTEXL
_2CC
999 _c381785
_d381785